LEADER 00694nam a2200181 i 4500 001 000000215471 003 CaOOAMICUS 005 20120825000000.0 008 120825s1937 xx u000 u mul u 013 $a194344 040 $aSeMil$bita 245 10$aVolumen quintum. 300 $aVIII, 583 p., [1] p. di tav. 650 4$aDiritto canonico - Studi.$0(OLS)http://semarc/subject/1680 773 0 $tActa Congressus Iuridici Internationalis.$dRomae : Apud Custodiam librariam Pont. Instituti Utriusque Iuris, 1935-1937.$w()27286 850 $aSeMil 852 $aSeMil$W1$xVenegono$y1$m2H III 91$j165891$B165891$CSeMilBibl$Z2$F176848 $81 996 $6245$aVolumen quintum$9(OLS)http://semarc/title/303650 LEADER 00875nam a2200205 i 4500 001 000000042025 003 CaOOAMICUS 005 20090515000000.0 008 090515s1907 it u000 u ita u 013 $a13195 040 $aSeMil$bita 100 1 $aCapecelatro, Alfonso,$c.$0(OLS)http://semarc/name/89171 245 13$aLa cultura del clero nel nostro secolo :$bparticolarmente in Italia /$cAlfonso Capecelatro. 260 $aRoma :$bDesclée,$c1907. 300 $a40 p. ;$c20 cm. 650 4$aChiesa cattolica - Clero - Italia.$0(OLS)http://semarc/subject/6276 850 $aSeMil 852 $aSeMil$W1$xVenegono$y1$m2A II 30$j8180$B8180$CSeMilBibl$Z2$F8180 $81 996 $6245$aLa cultura del clero nel nostro secolo :$bparticolarmente in Italia$9(OLS)http://semarc/title/61139 996 $6260$aRoma :$bDesclée$9(OLS)http://semarc/publisher/30863